| 000 | 00486nam a2200181Ia 4500 | ||
|---|---|---|---|
| 003 | GCL | ||
| 008 | 140319s9999 xx 000 0 ara d | ||
| 040 |
_aGCL / _cGCL |
||
| 082 | 0 | 4 |
_a330.9 _bن ق |
| 100 | 1 | _aنبيل حشاد | |
| 245 | 1 | 0 |
_aقضايا اقتصادية معاصرة ج1 / _cنبيل حشاد |
| 300 | _a670 | ||
| 490 |
_a100 قصة _v0 |
||
| 650 | 0 | 4 | _aالاقتصاد |
| 650 | 0 | 4 | _aالاحوال الاقتصادية |
| 650 | 0 | 4 | _aالبنوك |
| 942 |
_2ddc _cBK |
||
| 999 |
_c44236 _d44236 |
||